[Event "Schleswig Holstein-ch Seniors op 11th"]
[Site "Buesum"]
[Date "2017.09.10"]
[Round "3"]
[White "Koehler, Gerhard"]
[Black "Bohnstorff, Michael"]
[Result "1-0"]
[WhiteElo "2192"]
[BlackElo "2065"]
[PlyCount "75"]
[EventDate "2017.09.08"]
[EventType "swiss"]
[EventRounds "9"]
[EventCountry "GER"]
[SourceTitle "EXT 2019"]
[Source "ChessBase"]
[SourceDate "2018.10.10"]
[SourceVersion "1"]
[SourceVersionDate "2018.10.10"]
[SourceQuality "1"]

1. c4 c6 2. g3 d5 3. Bg2 e6 4. Nf3 Nf6 5. b3 Nbd7 6. Bb2 Be7 7. 0-0 0-0 8. Qc2 Re8 9. d3 Qc7 10. Nbd2 h6 11. Rac1 Nh7 12. Rfd1 Nhf8 13. cxd5 exd5 14. Nd4 Nf6 15. e4 dxe4 16. dxe4 Be6 17. Nc4 Rad8 18. Nxe6 Nxe6 19. e5 Nd7 20. Nd6 Rf8 21. Qf5 Bxd6 22. exd6 Qb6 23. h4 a6 24. Be4 g6 25. Qg4 h5 26. Qf3 Qb5 27. Qc3 Kh7 28. a4 Qb6 29. b4 Rg8 30. a5 Qa7 31. Qf3 f5 32. Bb1 Ng7 33. Re1 Rde8 34. Re7 Rxe7 35. dxe7 Qb8 36. Re1 Qe8 37. Ba2 Rh8 38. Qc3 1-0

[Event "GER-chA Seniors 29th"]
[Site "Berlin"]
[Date "2017.08.09"]
[Round "2"]
[White "Krueger, Erich"]
[Black "Bohnstorff, Michael"]
[Result "0-1"]
[WhiteElo "2192"]
[BlackElo "2037"]
[PlyCount "122"]
[EventDate "2017.08.07"]
[EventType "swiss"]
[EventRounds "9"]
[EventCountry "GER"]
[SourceTitle "EXT 2019"]
[Source "ChessBase"]
[SourceDate "2018.10.10"]
[SourceVersion "1"]
[SourceVersionDate "2018.10.10"]
[SourceQuality "1"]

1. d4 d5 2. c4 c6 3. Nf3 Nf6 4. Nc3 Bf5 5. cxd5 Nxd5 6. g3 e6 7. Bg2 Nxc3 8. bxc3 Be4 9. 0-0 Bd6 10. Ne1 Bxg2 11. Nxg2 0-0 12. e4 c5 13. Rb1 Qc7 14. Ne3 cxd4 15. cxd4 Nd7 16. Qb3 b6 17. Bb2 Rfc8 18. e5 Bf8 19. a4 Qb7 20. Ba3 Qf3 21. Bxf8 Nxf8 22. Qb5 h5 23. h4 Rc3 24. Rbe1 Rd8 25. Qb2 Rd3 26. Nc2 Qg4 27. Nb4 R3xd4 28. Nc6 Rd2 29. Ne7+ Kh8 30. Qc1 Qxa4 31. Qc3 Qg4 32. Re3 Ng6 33. Nxg6+ Qxg6 34. Kg2 R2d3 35. Rxd3 Qxd3 36. Qc7 Qd7 37. Qc2 Qd5+ 38. Kh2 Qxe5 39. Qa2 a5 40. Rb1 Qc5 41. Qb2 a4 42. Qxb6 Qxb6 43. Rxb6 Ra8 44. Rb2 a3 45. Ra2 e5 46. Kg2 f5 47. Kf3 Kg8 48. Ke3 Kf7 49. Kd3 Ra4 50. Kc3 Kf6 51. Kb3 Ra6 52. Kc4 g5 53. hxg5+ Kxg5 54. Kd3 Kg4 55. Ke2 Ra4 56. Ke3 f4+ 57. gxf4 exf4+ 58. Ke2 h4 59. Kf1 f3 60. Kg1 Kh3 61. Kf1 Rb4 0-1

[Event "Lueneburg op-A"]
[Site "Lueneburg"]
[Date "2017.07.12"]
[Round "5"]
[White "Bohnstorff, Michael"]
[Black "Reuter, Elisa"]
[Result "1-0"]
[WhiteElo "2050"]
[BlackElo "1648"]
[PlyCount "73"]
[EventDate "2017.07.08"]
[EventType "swiss"]
[EventRounds "9"]
[EventCountry "GER"]
[SourceTitle "CBM 179 Extra"]
[Source "ChessBase"]
[SourceDate "2017.08.23"]
[SourceVersion "1"]
[SourceVersionDate "2017.08.23"]
[SourceQuality "1"]

1. d4 Nf6 2. c3 g6 3. Bf4 Bg7 4. e3 0-0 5. Be2 d5 6. h3 Nbd7 7. Nf3 b6 8. 0-0 a5 9. Qa4 Bb7 10. Bb5 c5 11. Nbd2 Ba6 12. Rfe1 Bxb5 13. Qxb5 Re8 14. Ne5 Nxe5 15. Bxe5 Nd7 16. Bxg7 Kxg7 17. f4 Qc7 18. Nf3 Rab8 19. Rac1 Rec8 20. Rcd1 Rd8 21. Rf1 Ra8 22. a4 Rab8 23. Rd2 c4 24. Qxd5 Nf6 25. Qe5 Qb7 26. d5 Rbc8 27. Rfd1 Rc5 28. e4 Qd7 29. g4 Rdc8 30. g5 Qxh3 31. Kf2 Qg4 32. Rg1 Qd7 33. gxf6+ exf6 34. Qd4 Qxa4 35. e5 fxe5 36. Nxe5 Kg8 37. Ng4 1-0

[Event "Lueneburg op-A"]
[Site "Lueneburg"]
[Date "2017.07.09"]
[Round "2"]
[White "Bohnstorff, Michael"]
[Black "Sebastian, Dirk"]
[Result "0-1"]
[WhiteElo "2050"]
[BlackElo "2445"]
[PlyCount "92"]
[EventDate "2017.07.08"]
[EventType "swiss"]
[EventRounds "9"]
[EventCountry "GER"]
[SourceTitle "CBM 179 Extra"]
[Source "ChessBase"]
[SourceDate "2017.08.23"]
[SourceVersion "1"]
[SourceVersionDate "2017.08.23"]
[SourceQuality "1"]

1. d4 Nf6 2. c3 c5 3. Bf4 Qb6 4. Qb3 cxd4 5. Qxb6 axb6 6. cxd4 Nc6 7. e3 Nb4 8. Kd1 Rxa2 9. Rxa2 Nxa2 10. Bb5 e6 11. f3 Nd5 12. Ne2 Nxf4 13. Nxf4 Nb4 14. Nd2 Bd6 15. Nc4 Bxf4 16. exf4 Nd5 17. f5 Ke7 18. fxe6 dxe6 19. Kd2 Nc7 20. Na3 Rd8 21. Ke3 Nd5+ 22. Kf2 Bd7 23. Rc1 Ra8 24. Bc4 Nf6 25. Rc3 Bc6 26. Rb3 Nd7 27. Ke3 Ra5 28. Bd3 Ra4 29. Bb5 Ra5 30. Bd3 Ra4 31. Bb5 Bxb5 32. Rxb5 Nf6 33. Kd3 Nd5 34. g3 Kd7 35. Nc2 Kc6 36. Rb3 b5 37. Ra3 Ra6 38. Ra1 Kb6 39. Na3 Ra4 40. Rc1 Nb4+ 41. Ke3 Nd5+ 42. Kd3 Rb4 43. Rc2 Rb3+ 44. Ke2 Re3+ 45. Kf2 Rd3 46. Rc5 Rd2+ 0-1